[Event "Athens Kaisariani op 1st"]
[Site "Athens"]
[Date "2013.12.21"]
[Round "1"]
[White "Skalkotas, Nikolaos"]
[Black "Bravos, Panagiotis"]
[Result "1-0"]
[WhiteElo "2168"]
[BlackElo "1507"]
[PlyCount "57"]
[EventDate "2013.12.21"]
[EventType "swiss"]
[EventRounds "9"]
[EventCountry "GRE"]
[SourceTitle "EXT 2015"]
[Source "ChessBase"]
[SourceDate "2014.11.20"]
[SourceVersion "1"]
[SourceVersionDate "2014.11.20"]
[SourceQuality "1"]

1. c4 e6 2. g3 Nf6 3. Bg2 d5 4. Nf3 Be7 5. 0-0 0-0 6. d4 c6 7. Qc2 b6 8. b3 Bb7 9. Nc3 Nbd7 10. Bb2 Rc8 11. Rad1 Qc7 12. e4 dxe4 13. Ng5 h6 14. Ngxe4 Nxe4 15. Nxe4 Nf6 16. Rfe1 Nxe4 17. Bxe4 Bf6 18. Bc1 Rfd8 19. Bf4 Qe7 20. Be5 Bxe5 21. dxe5 Rxd1 22. Rxd1 Rd8 23. b4 Rd7 24. c5 b5 25. Rd6 Rxd6 26. cxd6 Qd7 27. Qc5 Ba8 28. a4 bxa4 29. b5 1-0

[Event "GRE-ch U12"]
[Site "Patras"]
[Date "2013.07.09"]
[Round "2.1"]
[White "Ioannidis, Evgenios"]
[Black "Bravos, Panagiotis"]
[Result "1-0"]
[WhiteElo "2013"]
[BlackElo "1481"]
[PlyCount "66"]
[EventDate "2013.07.08"]
[EventType "swiss"]
[EventRounds "9"]
[EventCountry "GRE"]
[SourceTitle "EXT 2024"]
[Source "ChessBase"]
[SourceDate "2023.10.10"]
[SourceVersion "1"]
[SourceVersionDate "2023.10.10"]
[SourceQuality "1"]

1. d4 d5 2. c4 c6 3. Nc3 e6 4. e3 f5 5. Bd3 Nf6 6. Nf3 Be7 7. 0-0 0-0 8. Ne2 Qe8 9. a3 Ne4 10. b4 Nd7 11. Qc2 Ndf6 12. Ne5 g5 13. f3 Nd6 14. Bd2 Nd7 15. c5 Nf7 16. Nxf7 Rxf7 17. e4 f4 18. e5 Nf8 19. a4 Rg7 20. b5 Qh5 21. bxc6 bxc6 22. Rab1 Bd8 23. a5 a6 24. Qa4 Qe8 25. Rb2 Ng6 26. Nc3 Nh4 27. Qa3 Nf5 28. Bxf5 exf5 29. Na4 g4 30. Nb6 g3 31. Nxa8 gxh2+ 32. Kh1 Qg6 33. Bxf4 Bh4 1-0

[Event "Attica-ch U08/20"]
[Site "Athens"]
[Date "2009.12.23"]
[Round "1"]
[White "Anthopoulos, Hristos"]
[Black "Bravos, Panagiotis"]
[Result "1-0"]
[WhiteElo "1606"]
[BlackElo "1005"]
[PlyCount "77"]
[EventDate "2009.12.23"]
[EventType "swiss"]
[EventRounds "7"]
[EventCountry "GRE"]
[SourceTitle "EXT 2011"]
[Source "ChessBase"]
[SourceDate "2010.11.26"]
[SourceVersion "1"]
[SourceVersionDate "2010.11.26"]
[SourceQuality "1"]

1. d4 d5 2. Nf3 Nc6 3. Bf4 Nf6 4. e3 Bf5 5. a3 e6 6. c4 Na5 7. Qa4+ c6 8. Nbd2 Be7 9. Be2 0-0 10. 0-0 c5 11. Rac1 Ne4 12. b4 cxb4 13. axb4 Nc6 14. c5 Qd7 15. b5 Nb8 16. Ne5 Qd8 17. Nb3 f6 18. Nd3 Qe8 19. Na5 a6 20. Nxb7 Qxb5 21. Qxb5 axb5 22. c6 Rc8 23. c7 Na6 24. Rc6 Ra7 25. Ra1 Rxb7 26. Raxa6 b4 27. Rab6 Ra7 28. g4 Bg6 29. Rb8 Ra8 30. Rxc8+ Rxc8 31. Rb6 Bd6 32. Bxd6 Nxd6 33. Rxd6 Ra8 34. Rd8+ Rxd8 35. cxd8Q+ Kf7 36. Nxb4 Be4 37. Nc6 Kg6 38. Qe8+ Kh6 39. Qh5# 1-0